00253nam a2200097Ia 4500008004100000245003400041260000900075300002600084440002400110650002100134180117s9999 xx 000 0 und d aThis Week in Arts and Culture c2017 a6-8 pages, 2017 May 7 aPhilippine Panorama aARTS AND CULTURE